000 00622nam a22002537a 4500
003 UA-OsUOA
001 23558
007 ta
008 20040123b un ||||| |||| 00| 0 ukr d
100 _aКоломієць Іван
090 _a94(477).075
_bК61
942 _cBK
040 _aUA-OsUOA
_bukr
_cUA-OsUOA
_dUA-OsUOA
245 _aГолодомор: спогади однієї родини
300 _a68 с.
_bІлюстрації
955 _a0
041 _aukr
080 _a94(477).075
020 _a966-95993-5-0
260 _aКиїв
_c2003
044 _aUA
650 7 _2UDC
999 _c309809
_d309809